00613nam a22001817a 450000500170000000800410001701000140005802000260007203500130009803700130011104000170012408200080014110000190014924500900016826000850025827000620034330000260040520100407145121.0100407t xxu||||| |||| 00| 0 eng d aENG-95993 a9788131726846c199.00 aEN-79526 bDBAD/VEN adplbEnglish a910 aManocha, S. K. aGeography :cby S. K. Manochabworkbook 1: For UPSC, PCS, NET and other examinations/ aDelhibDorling Kindersley (India) Pvt. Ltd. Licensees of Pearson Educationc2009 a14, Local Shopping Centre, Panchsheel ParkbDelhie110017 a253p. :c26 cm. (pbk)